000 01722cam a22004694i 4500
003 PE-LiUPU
005 20250731173151.0
008 150623s r 000 0 d
020 _a1592440649
035 _a(Sirsi) i9781592440641
040 _aPE-LiUPU
_bspa
_cPE-LiUPU
_erda
049 _aPRUA
082 0 4 _a262.52
_bR212002
_221
100 1 _aRamachandra, Vinoth,
_eautor.
245 1 4 _aThe recovery of mission :
_bbeyond the pluralist paradigm /
_cVinoth Ramachandra.
264 1 _aEugene, Oregon :
_bWipf and Stock Publishers,
_c2002.
300 _a293 páginas ;
_c21 centímetros
336 _atext
_2rdacontent
337 _aunmediated
_2rdamedia
338 _avolume
_2rdacarrier
505 0 _aMystery-centred faith: stanley samartha. Liberating gnosis: Aloysius pieris. Christic theandrism: Raimundo Panikkar. Interweavings. Engaging modernity. The scandal of Jesus. A gospel for the world. Gospel Praxis.
526 _aSEG42
526 _aSEG41
526 _aSEG40
526 _aSEG39
526 _aP94
526 _aP87
526 _aP86
526 _aP85
526 _aP77
526 _aP76
526 _aP35
650 0 4 _aEcumenismo.
_94172
650 0 4 _aMisiones
_xTeoría.
650 0 4 _aTeología dogmática
_zAsia.
942 _2ddc
_cBOOK
949 _a262.52 R21 2002
_wDEWEY
_c1
_i53443
_lCCODEBUL1
_mBUL
_p31.00
_r0
_sY
_tBOOK
_u2015-6-24
_xTEOLOGIA
_PP35
_0COMPRA
_o.STAFF. Colección General
994 _aC0
_bPEPRU
596 _a1
999 _a262.52 R21 2002
_wDEWEY
_c35414
_i53443
_f2021-11-10
_g5
_lCCODEBUL1
_mBUL
_p31.00
_r0
_sY
_tBOOK
_u2015-6-24
_xTEOLOGIA
_PP35
_0COMPRA
_o.STAFF. Colección General
_d35414
980 _81
_gALBERTO SANCHEZ Responsable de Automatización